000
00277nam a22001217a 4500
008
180807b xxu||||| |||| 00| 0 eng d
082
_a
813.52
245
_a
Project profesional
_c
MICROSOFT
260
_c
2003
300
_a
2
_f
CD
440
_x
9780324321784
942
_2
ddc
_c
MX
999
_c
46920
_d
46920